[Event "Zagreb Open GpA"]
[Site "Zagreb CRO"]
[Date "2010.03.03"]
[Round "8"]
[White "Stanojoski,Z"]
[Black "Radulski,J"]
[Result "1/2-1/2"]
[WhiteElo "2499"]
[BlackElo "2577"]
[EventDate "2010.02.25"]

1. e4 e5 2. Nf3 Nc6 3. Bb5 a6 4. Bxc6 dxc6 5. Nc3 f6 6. d4 exd4 7. Qxd4
Qxd4 8. Nxd4 Bd7 9. Be3 O-O-O 10. O-O-O h5 11. h4 Nh6 12. f3 Nf7 13. Nde2
Ne5 14. Nf4 Bd6 15. Nd3 Be6 16. b3 b6 17. Ne2 c5 18. Nxe5 Bxe5 19. c4 Kb7
20. Rxd8 Rxd8 21. Rd1 Ra8 22. Kc2 Kc6 23. Bf4 Bd6 24. Bxd6 cxd6 25. Nf4 Bf7
26. Nd5 Re8 27. Ne3 Be6 28. a4 1/2-1/2

[Event "Zagreb Open GpA"]
[Site "Zagreb CRO"]
[Date "2010.03.03"]
[Round "8"]
[White "Chatalbashev,B"]
[Black "Cebalo,M"]
[Result "1/2-1/2"]
[WhiteElo "2561"]
[BlackElo "2500"]
[EventDate "2010.02.25"]

1. d4 Nf6 2. c4 e6 3. Nf3 c5 4. d5 d6 5. Nc3 exd5 6. cxd5 g6 7. Nd2 Bg7 8.
e4 O-O 9. Be2 Na6 10. O-O Nc7 11. a4 b6 12. Nc4 Ba6 13. Bf4 Bxc4 14. Bxc4
Nh5 15. Be3 Re8 16. Qd3 a6 17. Rab1 Qd7 18. b4 Bxc3 19. Qxc3 Rxe4 20. bxc5
bxc5 21. Qc2 Rae8 22. Rb7 Nf4 23. g3 Qg4 24. Bxf4 Rxf4 25. Rc1 Re7 26. h3
Qg5 27. Qd2 Rf5 28. Qxg5 Rxg5 29. Bxa6 Rxd5 30. Bf1 Rd4 31. a5 Ra4 32. a6
Kg7 33. a7 Nd5 34. Rcb1 Rxa7 35. Rxa7 Rxa7 36. Rd1 Nc3 37. Rxd6 Ne4 38. Rd1
Ra2 39. Rc1 Nxf2 40. Rxc5 Ne4 41. Rc7 Nxg3 42. Rxf7+ Kh6 43. Bc4 Rc2 44.
Be6 Ne2+ 45. Kh1 Nd4 46. Bg4 Rb2 47. Rd7 Nc6 48. Kg1 Ne5 49. Re7 Nd3 50.
Rf7 Rb4 51. Re7 Rb2 52. Rf7 Ra2 53. Rd7 Nf4 54. Rf7 Nd3 55. Rd7 Nc5 56. Re7
Rd2 57. Kh1 Nd3 58. Kg1 Nf4 59. Rf7 Rd4 60. Kh2 Nd3 61. Kg3 Nc5 62. Kg2 Ne4
63. Rd7 Rb4 64. Rf7 Rb6 65. h4 Rb3 66. Be6 Rg3+ 67. Kh2 Re3 68. Bg4 Nd6 69.
Rc7 Ne4 70. Rf7 Nc5 71. h5 Kg5 72. Rxh7 Kxg4 73. hxg6 Re2+ 74. Kg1 Kg3 75.
Rf7 Re1+ 76. Rf1 Re6 77. g7 Rg6 78. Kh1 Rh6+ 79. Kg1 Rg6 80. Rf2 Kh3+ 81.
Kh1 1/2-1/2

[Event "Zagreb Open GpA"]
[Site "Zagreb CRO"]
[Date "2010.03.03"]
[Round "8"]
[White "Kovacevic,Bl"]
[Black "Saric,Ib"]
[Result "1-0"]
[WhiteElo "2447"]
[BlackElo "2556"]
[EventDate "2010.02.25"]

1. c4 e5 2. Nc3 Nc6 3. Nf3 g6 4. d4 exd4 5. Nxd4 Bg7 6. Nxc6 bxc6 7. g3 Rb8
8. Qc2 Ne7 9. Bg2 c5 10. O-O O-O 11. b3 d6 12. Bb2 Bf5 13. Qd2 Qd7 14. Rad1
Bh3 15. Ne4 Bxg2 16. Kxg2 f6 17. f3 Qe6 18. Rfe1 Nf5 19. g4 Nd4 20. Bxd4
cxd4 21. Qxd4 f5 22. Ng5 Qe7 23. Qd5+ Kh8 24. Ne6 fxg4 25. Nxf8 Rxf8 26.
Qe4 Be5 27. Qxg4 Rf4 28. Qc8+ Kg7 29. e3 Qg5+ 30. Kf2 Qh4+ 31. Ke2 Qxh2+
32. Kd3 Rxf3 33. Rf1 Rxf1 34. Rxf1 Kh6 35. Qg4 g5 36. Rf3 Qxa2 37. Qe6+ 1-0

[Event "Zagreb Open GpA"]
[Site "Zagreb CRO"]
[Date "2010.03.03"]
[Round "8"]
[White "Saric,A"]
[Black "Zufic,M"]
[Result "1-0"]
[WhiteElo "2480"]
[BlackElo "2450"]
[EventDate "2010.02.25"]

1. Nf3 Nf6 2. c4 g6 3. Nc3 Bg7 4. e4 d6 5. d4 O-O 6. Be2 Nbd7 7. O-O e5 8.
Qc2 Re8 9. d5 Nh5 10. g3 Bf8 11. Ne1 Ng7 12. Be3 f5 13. f3 Be7 14. Ng2 Nf6
15. Qd2 fxe4 16. Nxe4 Nf5 17. Bf2 Nxe4 18. fxe4 Bg5 19. Qd1 Nh6 20. h4 Be7
21. Be3 Nf7 22. Rf2 Bh3 23. Bg4 Bxg4 24. Qxg4 Qc8 25. Qxc8 Raxc8 26. Kf1 a6
27. Ke2 Rf8 28. Kd3 Nh6 29. Rxf8+ Bxf8 30. Bg1 Ng4 31. Ne3 Nxe3 32. Bxe3
Kg7 33. b4 c6 34. dxc6 bxc6 35. Rb1 Ra8 36. a4 Kf7 37. b5 axb5 38. cxb5
cxb5 39. axb5 Ra3+ 40. Ke2 Ra2+ 41. Kf3 d5 42. exd5 Ra3 43. Ke4 Bd6 44.
Rf1+ Kg7 45. Rc1 Ra4+ 46. Kf3 e4+ 47. Kg2 Kf6 48. Rf1+ Ke7 49. Bg5+ Ke8 50.
Rf6 Bc5 51. Rc6 Bd4 52. b6 Kd7 53. b7 Rb4 54. Rc4 Rb2+ 55. Kh3 Be5 56. Rxe4
Bd6 57. h5 gxh5 58. Rh4 Rxb7 59. Rxh5 Rb3 60. Rxh7+ Ke8 61. Bh4 Rd3 62. Rh5
Kd7 63. Kg2 Bc5 64. g4 Bd6 65. Rf5 Rd2+ 66. Kf3 Rd4 67. Bf2 Ra4 68. g5 Be7
69. Be3 Ra1 70. Ke4 1-0

[Event "Zagreb Open GpA"]
[Site "Zagreb CRO"]
[Date "2010.03.03"]
[Round "8"]
[White "Gleizerov,E"]
[Black "Brumen,D"]
[Result "1-0"]
[WhiteElo "2565"]
[BlackElo "2358"]
[EventDate "2010.02.25"]

1. d4 Nf6 2. c4 e6 3. g3 d5 4. Nf3 dxc4 5. Bg2 a6 6. O-O Nc6 7. Nc3 Be7 8.
Qa4 O-O 9. Qxc4 Nd5 10. Rd1 f5 11. Qb3 Kh8 12. Bd2 a5 13. Rac1 Ra6 14. Na4
Qe8 15. Bf4 Bd6 16. Ne5 Nce7 17. e3 h6 18. Nd3 g5 19. Be5+ Kh7 20. Nac5 Rb6
21. Qc2 Nb4 22. Qd2 Ng6 23. a3 Nxd3 24. Nxd3 a4 25. Bxd6 cxd6 26. Rc7+ Ne7
27. d5 Kg6 28. dxe6 Nc6 29. Nb4 Bxe6 30. Nxc6 bxc6 31. Qd4 c5 32. Rg7+ 1-0

[Event "Zagreb Open GpA"]
[Site "Zagreb CRO"]
[Date "2010.03.03"]
[Round "8"]
[White "Loncar,R"]
[Black "Blagojevic,Dr"]
[Result "0-1"]
[WhiteElo "2424"]
[BlackElo "2528"]
[EventDate "2010.02.25"]

1. d4 Nf6 2. Nf3 d5 3. c4 e6 4. Bg5 h6 5. Bxf6 Qxf6 6. Nbd2 dxc4 7. Qa4+
Nd7 8. e3 c6 9. Qxc4 g6 10. Bd3 Bg7 11. Qc2 e5 12. O-O O-O 13. Rfe1 Rd8 14.
Rad1 exd4 15. Ne4 Qe7 16. exd4 Nf8 17. Nc5 Qc7 18. h3 b6 19. Nb3 Be6 20.
Be4 Rac8 21. Rc1 Qd6 22. Nbd2 Bxd4 23. Nxd4 Qxd4 24. Nf3 Qf6 25. Qa4 Qxb2
26. Rc2 Qb5 27. Qxa7 c5 28. Qe7 c4 29. Qf6 Nh7 30. Qh4 Kg7 31. Bb7 g5 32.
Qg3 Rc5 33. Nd2 Qd7 34. Bf3 Nf6 35. Nf1 Qd6 36. Rec1 b5 37. Qxd6 Rxd6 38.
Ne3 Ra6 39. Rb2 Ra5 40. Rc3 Nd7 41. Bd1 Nb6 42. a3 Nd5 43. Nxd5 Rxd5 44.
Be2 Kf6 45. Kf1 Ke5 46. Re3+ Kd6 47. Ke1 Kc5 48. g3 Rd4 49. g4 Bd5 50. f3
Bc6 51. Re5+ Rd5 52. Re3 Rd7 53. Rc2 Rda7 54. Rcc3 Ra8 55. Re5+ Kd4 56.
Ree3 Re8 57. Kd2 Rxe3 58. Rxe3 b4 0-1

[Event "Zagreb Open GpA"]
[Site "Zagreb CRO"]
[Date "2010.03.03"]
[Round "8"]
[White "Fercec,N"]
[Black "Bukal,V jr"]
[Result "1/2-1/2"]
[WhiteElo "2492"]
[BlackElo "2378"]
[EventDate "2010.02.25"]

1. e4 g6 2. d4 d6 3. Nc3 a6 4. Bg5 b5 5. f4 Bb7 6. Qd2 Nd7 7. O-O-O Qb8 8.
e5 f6 9. Bh4 b4 10. Nce2 Bd5 11. Kb1 Qb7 12. Nf3 a5 13. Nc1 Bh6 14. Be2 Bg7
15. Rhe1 Nh6 16. Bd3 O-O 17. exd6 exd6 18. Re7 Rf7 19. Rde1 Nf5 20. Rxf7
Kxf7 21. Qe2 Bf8 22. Bf2 Ng7 23. Nh4 Re8 24. Qd1 Rxe1 25. Bxe1 Nb6 26. g4
c5 27. dxc5 dxc5 28. Bf2 Na4 29. Qe2 Nb6 30. b3 a4 31. Bb5 a3 32. Nd3 c4
33. bxc4 Bc6 34. Bxc6 Qxc6 35. Bxb6 Qxb6 36. Nf3 Ne6 37. f5 Nc5 38. Nxc5
Bxc5 39. fxg6+ hxg6 40. g5 Qd6 41. Qd3 Qe7 42. Qd5+ Kg7 43. gxf6+ Qxf6 44.
Qe5 Bd6 45. Qxf6+ Kxf6 46. h3 Kf5 47. Nh4+ Kg5 48. Ng2 Kf5 49. Nh4+ Kg5 50.
Ng2 Kf5 51. Nh4+ 1/2-1/2

[Event "Zagreb Open GpA"]
[Site "Zagreb CRO"]
[Date "2010.03.03"]
[Round "8"]
[White "Plenkovic,Z"]
[Black "Zivkovic,Vj"]
[Result "1/2-1/2"]
[WhiteElo "2388"]
[BlackElo "2396"]
[EventDate "2010.02.25"]

1. e4 c5 2. Nf3 d6 3. d4 cxd4 4. Nxd4 Nf6 5. Nc3 a6 6. Be3 e5 7. Nb3 Be6 8.
Qd2 Be7 9. f3 O-O 10. O-O-O Nbd7 11. g4 b5 12. g5 b4 13. Ne2 Ne8 14. f4 a5
15. f5 a4 16. Nbd4 exd4 17. Nxd4 b3 18. Kb1 bxc2+ 19. Nxc2 Bb3 20. axb3
axb3 21. Na3 Ne5 22. h4 Ra4 23. Qc3 Qa8 24. Rd4 Rxd4 25. Qxd4 Nc7 26. Rh3
Rb8 27. Bf4 Qa5 28. Bd2 Qa8 29. Bf4 Qa5 30. Bd2 1/2-1/2

[Event "Zagreb Open GpA"]
[Site "Zagreb CRO"]
[Date "2010.03.03"]
[Round "8"]
[White "Mrdja,M"]
[Black "Armanda,I"]
[Result "0-1"]
[WhiteElo "2392"]
[BlackElo "2345"]
[EventDate "2010.02.25"]

1. e4 c5 2. Nf3 d6 3. d4 Nf6 4. Nc3 cxd4 5. Nxd4 g6 6. Be3 Bg7 7. f3 O-O 8.
Qd2 Nc6 9. Bc4 Bd7 10. O-O-O Rb8 11. Bb3 Na5 12. h4 b5 13. Kb1 Nc4 14. Bxc4
bxc4 15. Ka1 h5 16. Rb1 Qa5 17. Bh6 Bxh6 18. Qxh6 Rb6 19. Qd2 Rfb8 20. Rhe1
Ra6 21. Re3 e5 22. Nde2 Be6 23. Nc1 Nd7 24. Qe1 Nc5 25. g3 Rbb6 26. Qd1 Bd7
27. Nd5 Nb3+ 28. Rxb3 cxb3 29. a3 bxc2 30. Qxc2 Rb7 31. Na2 Be6 32. Nac3
Kg7 33. Rd1 Qc5 34. f4 Bxd5 35. exd5 exf4 36. gxf4 Rc7 37. Rd3 Qc4 38. Qd2
Re7 39. Rg3 Rb6 40. Qc1 Rb8 41. Rg1 Rbe8 42. Qd2 Kh7 43. Kb1 Re3 44. f5
Qxh4 0-1

[Event "Zagreb Open GpA"]
[Site "Zagreb CRO"]
[Date "2010.03.03"]
[Round "8"]
[White "Maras,M"]
[Black "Franic,M"]
[Result "0-1"]
[WhiteElo "2256"]
[BlackElo "2392"]
[EventDate "2010.02.25"]

1. d4 Nf6 2. Nf3 b6 3. g3 Bb7 4. Bg2 c5 5. c3 e6 6. Bg5 Be7 7. Nbd2 O-O 8.
Bxf6 Bxf6 9. O-O d6 10. Re1 Nd7 11. e4 Qc7 12. d5 exd5 13. exd5 Bxd5 14.
Ne4 Bxe4 15. Rxe4 Rad8 16. Qd5 b5 17. Rf4 a6 18. Rd1 Be5 19. Rh4 Nf6 20.
Qd3 Rfe8 21. Ng5 h6 22. Ne4 d5 23. Nxf6+ Bxf6 24. Rf4 Re5 25. Rf5 c4 26.
Qf3 d4 27. Rxf6 gxf6 28. cxd4 Qd6 29. h4 b4 30. Qg4+ Kf8 31. Bf3 f5 32. Qf4
Ra5 33. Qc1 Rc8 34. Be2 c3 35. Bd3 f4 36. gxf4 Rxa2 37. bxc3 bxc3 38. Bf5
Rc7 39. Qe3 Re7 40. Qf3 Qf6 41. Qd5 Rd2 42. Rb1 Rb2 43. Ra1 Qxh4 44. Qa8+
Re8 45. Qf3 Qf6 46. Qxc3 Rb5 47. Bd3 Qg7+ 48. Kf1 Rh5 49. Qb4+ Kg8 50. Qb7
Qxd4 51. Rd1 Qxf4 52. Qc6 Re6 53. Qa8+ Kg7 54. Qg2+ Rg5 55. Qh3 Rf6 0-1

[Event "Zagreb Open GpA"]
[Site "Zagreb CRO"]
[Date "2010.03.03"]
[Round "8"]
[White "Bender,I"]
[Black "Ivekovic,Z"]
[Result "0-1"]
[WhiteElo "2310"]
[BlackElo "2283"]
[EventDate "2010.02.25"]

1. e4 c5 2. Nf3 d6 3. d4 cxd4 4. Nxd4 Nf6 5. Nc3 a6 6. Be3 e5 7. Nb3 Be6 8.
f3 Be7 9. Qd2 O-O 10. O-O-O a5 11. Bb5 Na6 12. Qe2 Qc8 13. Na4 Nb4 14. Kb1
Qc7 15. a3 Nc6 16. g4 Nd7 17. Qf2 Rfb8 18. Nb6 Nxb6 19. Bxb6 Qc8 20. Rd3 a4
21. Nc1 Nd4 22. Bxd4 exd4 23. Qxd4 Ra5 24. c4 Rba8 25. Ne2 Bf6 26. Qxd6
Bxc4 27. Bxc4 Qxc4 28. Rc1 Qb5 29. Rc2 h6 30. Rd5 Qb3 31. Rxa5 Rxa5 32. f4
Ra8 33. e5 Rd8 34. Qc5 Bh4 35. Qc3 Qd5 36. Qc4 Qf3 37. Qxa4 Qxg4 38. Qb3
Qd7 39. Rc4 Bf2 40. Re4 b6 41. e6 fxe6 42. Qxe6+ Qxe6 43. Rxe6 Rd1+ 44. Kc2
Rh1 45. Nc3 Rxh2 46. Re2 h5 47. Kd3 Rh3+ 48. Ke4 Bc5 49. Na4 Bg1 50. Rg2
Rh1 51. Rg6 h4 52. f5 Kh7 53. Kf3 h3 54. Rd6 Bh2 55. Rd3 Be5 56. Nc3 h2 57.
Kg2 Rg1+ 0-1

[Event "Zagreb Open GpA"]
[Site "Zagreb CRO"]
[Date "2010.03.03"]
[Round "8"]
[White "Klasan,V"]
[Black "Runic,Z"]
[Result "1-0"]
[WhiteElo "2353"]
[BlackElo "2427"]
[EventDate "2010.02.25"]

1. e4 Nf6 2. e5 Nd5 3. g3 d6 4. exd6 cxd6 5. Bg2 Nf6 6. d4 e6 7. Nf3 Be7 8.
O-O O-O 9. Nbd2 Qc7 10. c4 Nbd7 11. b3 b6 12. Re1 Re8 13. Bb2 Bb7 14. Qe2
Bf8 15. Ne5 Bxg2 16. Kxg2 Nb8 17. Ng4 Nfd7 18. Qf3 Na6 19. d5 e5 20. Ne4
Nac5 21. h4 Nxe4 22. Qxe4 h5 23. Nh2 b5 24. cxb5 Qb7 25. Qd3 Nf6 26. Red1
Reb8 27. a4 a6 28. f4 e4 29. Qe2 Nxd5 30. Kh1 Nb4 31. Qxh5 Nd3 32. Bd4 Rc8
33. Ng4 Qd7 34. Rd2 axb5 35. Qg5 Kh7 36. Qh5+ Kg8 37. Qg5 Rc5 38. Nf6+ Kh8
39. Nxd7 Rxg5 40. hxg5 Be7 41. a5 Ra6 42. Nb8 1-0

[Event "Zagreb Open GpA"]
[Site "Zagreb CRO"]
[Date "2010.03.03"]
[Round "8"]
[White "Jurkovic,A"]
[Black "Pandurevic,M"]
[Result "0-1"]
[WhiteElo "2330"]
[BlackElo "2314"]
[EventDate "2010.02.25"]

1. e4 e6 2. d4 d5 3. Nd2 Nc6 4. Ngf3 Nf6 5. e5 Nd7 6. Be2 f6 7. exf6 Qxf6
8. Nf1 Bd6 9. Ne3 O-O 10. O-O Qg6 11. g3 Nf6 12. Nh4 Qf7 13. f4 Ne7 14. Ng4
Nf5 15. Nxf6+ Qxf6 16. Nf3 c5 17. c3 b6 18. Kg2 cxd4 19. cxd4 Bd7 20. g4
Nh4+ 21. Nxh4 Qxh4 22. Be3 g5 23. Qd2 Qh6 24. Rf3 gxf4 25. Bf2 Rac8 26. Rf1
Qg6 27. Qd1 Qc2 28. Bd3 Qxb2 29. Rh3 Rf7 30. g5 f3+ 31. Rxf3 Rcf8 32. Rxf7
Rxf7 33. Qh5 Bb5 34. Bxb5 Qxb5 35. Re1 Qe8 36. Qh6 Re7 37. Rc1 Bf4 38. Rc3
Rg7 39. Bh4 Rg6 0-1

[Event "Zagreb Open GpA"]
[Site "Zagreb CRO"]
[Date "2010.03.04"]
[Round "9"]
[White "Radulski,J"]
[Black "Kozul,Z"]
[Result "1-0"]
[WhiteElo "2577"]
[BlackElo "2617"]
[EventDate "2010.02.25"]

1. e4 c5 2. Nf3 Nc6 3. d4 cxd4 4. Nxd4 Nf6 5. Nc3 d6 6. Bg5 e6 7. Qd2 a6 8.
O-O-O Bd7 9. f4 b5 10. Bxf6 gxf6 11. Kb1 b4 12. Nce2 Qb6 13. f5 Nxd4 14.
Nxd4 e5 15. Ne2 h5 16. h4 Ke7 17. Rh3 Bh6 18. Qe1 Rac8 19. Ng3 Qc5 20. Bd3
Bb5 21. Qe2 Bxd3 22. Rxd3 Rhg8 23. Rh1 Rg4 24. Rhd1 Rc6 25. a3 a5 26. a4
Rxh4 27. Rd5 Qe3 28. Qb5 Qb6 29. Qxb6 Rxb6 30. Rxa5 Be3 31. Ra7+ Kf8 32. a5
Rc6 33. Ra8+ Kg7 34. a6 Bf2 35. Rd3 Rh2 36. Rf3 Bd4 37. Rd3 Kh7 38. Ne2
Rxg2 39. Rh3 Rg5 40. Ng3 Rg8 41. Rxg8 Kxg8 42. Nxh5 d5 43. exd5 Rd6 44. Rb3
Bc5 45. a7 Bxa7 46. Rxb4 Bf2 47. Rg4+ Kf8 48. c4 Rb6 49. Kc2 Bd4 50. b3 Ra6
51. b4 Ra3 52. Nxf6 Rc3+ 53. Kd2 Ke7 54. Ne4 Rxc4 55. f6+ Kf8 56. Rg7 Rxb4
57. Ng5 Rb7 58. Kd3 Ra7 59. Ke4 Bc3 60. Ne6+ Ke8 61. Rg8+ 1-0

[Event "Zagreb Open GpA"]
[Site "Zagreb CRO"]
[Date "2010.03.04"]
[Round "9"]
[White "Stanojoski,Z"]
[Black "Brkic,A"]
[Result "1/2-1/2"]
[WhiteElo "2499"]
[BlackElo "2564"]
[EventDate "2010.02.25"]

1. e4 c5 2. Nf3 d6 3. d4 cxd4 4. Nxd4 Nf6 5. Nc3 Bd7 6. Bg5 e6 7. Qd2 a6 8.
O-O-O h6 9. Bxf6 Qxf6 10. f4 Nc6 11. e5 dxe5 12. Ndb5 Qd8 13. Nd6+ Bxd6 14.
Qxd6 exf4 15. Ne4 e5 16. Qc5 Qe7 17. Nd6+ Kf8 18. Nxb7 Qxc5 19. Nxc5 Bg4
20. Rd6 Nd4 21. Bxa6 Ke7 22. Rb6 Rhb8 23. Rxb8 Rxb8 24. c3 Ne6 25. Nxe6
Bxe6 26. Re1 f6 27. a3 1/2-1/2

[Event "Zagreb Open GpA"]
[Site "Zagreb CRO"]
[Date "2010.03.04"]
[Round "9"]
[White "Ulibin,M"]
[Black "Saric,A"]
[Result "1-0"]
[WhiteElo "2548"]
[BlackElo "2480"]
[EventDate "2010.02.25"]

1. d4 Nf6 2. c4 e6 3. Nc3 Bb4 4. f3 d5 5. a3 Bxc3+ 6. bxc3 c5 7. cxd5 exd5
8. e3 Qc7 9. Ne2 cxd4 10. cxd4 Bf5 11. g4 Bg6 12. Bd2 Bd3 13. Bb4 Bc4 14.
Nc3 Bxf1 15. Rxf1 Qxh2 16. Nb5 Nc6 17. Bd6 Qh4+ 18. Ke2 O-O-O 19. Rh1 Qg5
20. Bf4 Qg6 21. Qa4 a6 22. Rhc1 Nxg4 23. Na7+ Kd7 24. Nxc6 bxc6 25. fxg4
Rb8 26. Bxb8 Rxb8 27. Kd2 Rb2+ 28. Rc2 Rb6 29. Qa5 Rb3 30. Qxa6 Rxe3 31.
Qb7+ Kd8 32. Qb6+ Kd7 33. Qxc6+ Qxc6 34. Rxc6 Re4 35. Rac1 Rxd4+ 36. Ke3
Rxg4 37. Rc7+ Ke8 38. Ra7 Re4+ 39. Kf3 1-0

[Event "Zagreb Open GpA"]
[Site "Zagreb CRO"]
[Date "2010.03.04"]
[Round "9"]
[White "Palac,M"]
[Black "Kovacevic,Bl"]
[Result "1/2-1/2"]
[WhiteElo "2563"]
[BlackElo "2447"]
[EventDate "2010.02.25"]

1. e4 d5 2. exd5 Qxd5 3. Nf3 Bg4 4. Be2 Nf6 5. Nc3 Qd8 6. d4 e6 7. h3 Bxf3
8. Bxf3 c6 9. O-O Be7 10. Ne2 O-O 11. c4 Nbd7 12. Bf4 Re8 13. Qb3 Qb6 14.
Rfd1 Bf8 15. Be5 1/2-1/2

[Event "Zagreb Open GpA"]
[Site "Zagreb CRO"]
[Date "2010.03.04"]
[Round "9"]
[White "Rogulj,B"]
[Black "Gleizerov,E"]
[Result "0-1"]
[WhiteElo "2431"]
[BlackElo "2565"]
[EventDate "2010.02.25"]

1. e4 e6 2. d4 d5 3. Nc3 Nf6 4. e5 Nfd7 5. f4 c5 6. Nf3 Nc6 7. Be3 Rb8 8.
Qd2 Qa5 9. Be2 b5 10. O-O b4 11. Nd1 Ba6 12. Nf2 Be7 13. Bxa6 Qxa6 14. Nd3
c4 15. Nf2 c3 16. bxc3 Nb6 17. cxb4 Nc4 18. Qe2 Bxb4 19. g4 Bc3 20. Rad1
Qxa2 21. f5 Nb4 22. Rc1 Bb2 23. Rb1 Qa4 24. c3 Qc2 25. Qxc2 Nxc2 26. Bc1
N2a3 27. Rxb2 Nxb2 28. fxe6 fxe6 29. Ng5 Kd7 30. Nd3 Nxd3 31. Bxa3 Rb7 32.
Rf7+ Kc6 33. Rxb7 Kxb7 34. Nxe6 Re8 35. Nxg7 Rg8 36. Nh5 Rxg4+ 37. Kf1 Rh4
38. Nf6 Nf4 39. Kf2 Rh3 40. Bc1 Ne6 41. Nxd5 Rxh2+ 42. Ke3 a5 43. Kd3 Rh1
44. Ba3 h5 45. Ne3 h4 46. d5 Nc7 47. e6 h3 48. e7 h2 49. d6 Rd1+ 50. Nxd1
h1=Q 51. Ne3 Qb1+ 52. Kd4 Qb6+ 0-1

[Event "Zagreb Open GpA"]
[Site "Zagreb CRO"]
[Date "2010.03.04"]
[Round "9"]
[White "Blagojevic,Dr"]
[Black "Chatalbashev,B"]
[Result "0-1"]
[WhiteElo "2528"]
[BlackElo "2561"]
[EventDate "2010.02.25"]

1. d4 g6 2. c4 Bg7 3. e4 c5 4. d5 d6 5. Nc3 Nf6 6. h3 O-O 7. Nf3 e6 8. Bd3
Na6 9. Bg5 h6 10. Be3 exd5 11. cxd5 b5 12. O-O c4 13. Bc2 b4 14. Nb5 Re8
15. Nd2 Nc5 16. Nxc4 Nfxe4 17. Bxe4 Nxe4 18. Nxa7 Ba6 19. Nc6 Qh4 20. Rc1
Nc3 21. bxc3 Bxc4 22. cxb4 Rxa2 23. Rc2 Ra1 24. Rc1 Rxc1 25. Qxc1 Bxf1 26.
Qxf1 Qe4 27. Na7 0-1

[Event "Zagreb Open GpA"]
[Site "Zagreb CRO"]
[Date "2010.03.04"]
[Round "9"]
[White "Franic,M"]
[Black "Saric,Ib"]
[Result "0-1"]
[WhiteElo "2392"]
[BlackElo "2556"]
[EventDate "2010.02.25"]

1. d4 Nf6 2. c4 e6 3. Nc3 Bb4 4. e3 O-O 5. Nge2 d5 6. a3 Be7 7. cxd5 exd5
8. g3 a5 9. Bg2 Na6 10. O-O c6 11. h3 Nc7 12. f3 c5 13. g4 Re8 14. Ng3 Nd7
15. f4 Nb6 16. Qd3 Bd7 17. a4 Bc6 18. Nf5 c4 19. Qd1 Bb4 20. Qc2 Qd7 21. h4
Bxc3 22. bxc3 Nxa4 23. Bh3 b5 24. g5 Qd8 25. Ng3 b4 26. Rxa4 b3 27. Qg2
Bxa4 28. Nh5 Ra6 29. f5 Re4 30. Qg3 Qd6 31. Qf2 Bc6 32. Bg2 a4 33. g6 hxg6
34. Ba3 Qxa3 35. fxg6 f6 36. Bxe4 dxe4 37. Nxf6+ gxf6 38. Qxf6 Be8 39. Qe5
Rxg6+ 40. Kh1 Qd6 0-1

[Event "Zagreb Open GpA"]
[Site "Zagreb CRO"]
[Date "2010.03.04"]
[Round "9"]
[White "Armanda,I"]
[Black "Fercec,N"]
[Result "0-1"]
[WhiteElo "2345"]
[BlackElo "2492"]
[EventDate "2010.02.25"]

1. e4 c5 2. Nf3 d6 3. d4 cxd4 4. Qxd4 Nc6 5. Bb5 Bd7 6. Bxc6 Bxc6 7. Nc3
Nf6 8. Bg5 e6 9. O-O-O Be7 10. Qd3 Qa5 11. h4 O-O 12. Nd4 Rfc8 13. f4 Be8
14. Kb1 h6 15. Nb3 Qc7 16. f5 b5 17. fxe6 fxe6 18. Nd4 b4 19. Nce2 Bg6 20.
Bxf6 Bxf6 21. Nxe6 Qc6 22. Qb3 Bxe4 23. Ng5+ Kh8 24. Nxe4 Qxe4 25. Rhe1 a5
26. g3 a4 27. Qd3 Qe5 28. Nd4 Qa5 29. Rf1 Be5 30. Qb5 Qc7 31. Qe2 a3 32.
Ne6 Qc6 33. Ng5 axb2 34. Nf7+ Kg8 35. Qd3 Qc4 36. Qxc4 Rxc4 37. Nxe5 dxe5
38. Rfe1 e4 39. Kxb2 Ra3 40. g4 Rac3 41. Re2 Rg3 42. g5 h5 43. Rd6 e3 44.
g6 Kf8 45. Rd5 Rxh4 46. Rf5+ Kg8 47. Rb5 Rxg6 48. Rxe3 Kh7 49. c3 bxc3+ 50.
Rxc3 Rg1 51. a4 Kh6 52. a5 Rhh1 53. Rbb3 Rb1+ 54. Ka3 Rxb3+ 55. Kxb3 Ra1
56. Kb4 h4 57. Kb5 Rb1+ 58. Kc6 Ra1 59. Kb6 g5 60. a6 Kh5 61. a7 Rxa7 62.
Kxa7 g4 63. Rc8 Kg5 64. Kb6 g3 65. Rh8 Kg4 66. Kc5 g2 67. Kd5 h3 68. Ke4
Kg3 69. Rg8+ Kh2 70. Kd4 0-1

[Event "Zagreb Open GpA"]
[Site "Zagreb CRO"]
[Date "2010.03.04"]
[Round "9"]
[White "Bukal,V jr"]
[Black "Loncar,R"]
[Result "1-0"]
[WhiteElo "2378"]
[BlackElo "2424"]
[EventDate "2010.02.25"]

1. d4 Nf6 2. Nc3 d5 3. Bg5 Nbd7 4. e3 c6 5. Nf3 Qb6 6. Rb1 e6 7. Bd3 Be7 8.
O-O Qc7 9. Re1 O-O 10. e4 dxe4 11. Nxe4 Re8 12. c4 h6 13. Bd2 b6 14. Qc1
Bf8 15. Bf4 Qd8 16. Nd6 Bxd6 17. Bxd6 c5 18. Ne5 Bb7 19. Re3 Nf8 20. dxc5
bxc5 21. Bxc5 N8d7 22. Nxd7 Qxd7 23. Rg3 Nh5 24. Qd1 Nf6 25. Be3 Kh8 26.
Bxh6 gxh6 27. Qd2 Nh7 28. Qxh6 f5 29. Re1 Rad8 30. Qf4 Rg8 31. Qe5+ Rg7 32.
Bf1 Nf8 33. Rd1 1-0

[Event "Zagreb Open GpA"]
[Site "Zagreb CRO"]
[Date "2010.03.04"]
[Round "9"]
[White "Zufic,M"]
[Black "Messing,H"]
[Result "1/2-1/2"]
[WhiteElo "2450"]
[BlackElo "2331"]
[EventDate "2010.02.25"]

1. e4 e5 2. Nf3 Nc6 3. Bb5 a6 4. Ba4 Nf6 5. O-O Be7 6. Re1 b5 7. Bb3 O-O 8.
d4 d6 9. c3 Bg4 10. Be3 Na5 11. Bc2 Nc4 12. Bc1 Nd7 13. b3 Ncb6 14. h3 Bh5
15. a4 bxa4 16. bxa4 c5 17. d5 Nc4 18. Bd3 Na5 19. Be3 c4 20. Bc2 Qc7 21.
Nbd2 Rab8 22. g4 Bg6 23. Nf1 Nc5 24. Ng3 Rfc8 25. Kh2 Nab3 26. Ra2 Qa5 27.
h4 h6 28. h5 Bh7 29. Nf5 Bxf5 30. gxf5 Qxc3 31. Rg1 Kf8 32. Kh1 Nd3 33. Nh2
Bg5 34. Rxg5 hxg5 35. Qg4 f6 36. Nf3 Nf4 37. Kh2 Nd4 38. Nxd4 exd4 39. Bxf4
gxf4 40. h6 gxh6 41. Qg6 d3 42. Qxh6+ Ke8 43. Qh8+ Kd7 44. Qg7+ Kd8 45.
Qf8+ Kc7 46. Qe7+ Kb6 47. a5+ Kb5 48. Qd7+ Kc5 49. Qa7+ Kb5 50. Qd7+ Kc5
51. Qa7+ Kb5 52. Qd7+ Kc5 1/2-1/2

[Event "Zagreb Open GpA"]
[Site "Zagreb CRO"]
[Date "2010.03.04"]
[Round "9"]
[White "Ivekovic,Z"]
[Black "Zivkovic,Vj"]
[Result "1/2-1/2"]
[WhiteElo "2283"]
[BlackElo "2396"]
[EventDate "2010.02.25"]

1. e4 c5 2. Nf3 e6 3. d4 cxd4 4. Nxd4 a6 5. c4 Nf6 6. Nc3 Qc7 7. Be3 Be7 8.
Be2 d6 9. O-O O-O 10. Kh1 b6 11. f4 1/2-1/2

[Event "Zagreb Open GpA"]
[Site "Zagreb CRO"]
[Date "2010.03.04"]
[Round "9"]
[White "Pandurevic,M"]
[Black "Klasan,V"]
[Result "0-1"]
[WhiteElo "2314"]
[BlackElo "2353"]
[EventDate "2010.02.25"]

1. c4 Nf6 2. Nc3 c5 3. g3 d5 4. cxd5 Nxd5 5. Bg2 Nc7 6. Nf3 Nc6 7. d3 e5 8.
Bg5 Be7 9. Qc1 f6 10. Be3 O-O 11. Na4 b6 12. Nh4 Bd7 13. Nf5 Rc8 14. Nc3
Nd4 15. Nxe7+ Qxe7 16. O-O Nce6 17. Bd2 Bc6 18. f3 Bb7 19. e3 Nc6 20. Nd5
Qd7 21. e4 Nb4 22. Nxb4 cxb4 23. Qd1 Qd4+ 24. Rf2 Nc5 25. Bf1 f5 26. Qe2
Qxb2 27. Qe1 Qd4 28. Be3 Qd6 29. Qxb4 Nxe4 30. Qxd6 Nxd6 31. a4 f4 32. gxf4
Nf5 33. Bc1 Nd4 34. Bh3 Rc7 35. Ba3 Rxf4 36. Bd6 Rc6 37. Bxe5 Nxf3+ 38. Kf1
Nxh2+ 39. Ke1 Nf3+ 40. Kd1 Rf8 41. Bb2 Ng5 42. Rxf8+ Kxf8 43. Bd7 Rc7 44.
Bb5 Nf3 45. a5 h5 46. axb6 axb6 47. Ra7 Nd4 48. Ba3+ Kg8 49. Bc4+ Kh7 50.
Bd5 Bxd5 51. Rxc7 Nb5 52. Rc8 Nxa3 53. Rb8 h4 54. Rxb6 h3 55. Rb2 Bg2 0-1

[Event "Zagreb Open GpA"]
[Site "Zagreb CRO"]
[Date "2010.03.04"]
[Round "9"]
[White "Jurkovic,A"]
[Black "Bender,I"]
[Result "1-0"]
[WhiteElo "2330"]
[BlackElo "2310"]
[EventDate "2010.02.25"]

1. e4 c5 2. Nf3 d6 3. d4 cxd4 4. Nxd4 Nf6 5. Nc3 a6 6. Be3 e5 7. Nde2 Be7
8. Qd2 O-O 9. f3 b5 10. Nd5 Nxd5 11. Qxd5 Qd7 12. Nc3 b4 13. Na4 Bb7 14.
Qb3 Bd8 15. O-O-O Bc6 16. Nb6 Bxb6 17. Bxb6 a5 18. Bc4 Qb7 19. Be3 Qc7 20.
Qd3 Bb7 21. b3 Rd8 22. Rd2 Na6 23. Rhd1 Nc5 24. Bxc5 Qxc5 25. Qe2 a4 26.
Kb1 Kf8 27. Rd3 a3 28. Qd2 Ba6 29. Rd5 Qc7 30. Bxa6 Rxa6 31. Rxe5 dxe5 32.
Qxd8+ Qxd8 33. Rxd8+ Ke7 34. Rd5 Ke6 35. Kc1 Rb6 36. Kd2 Rc6 37. Rd3 f5 38.
exf5+ Kxf5 39. c4 Rh6 40. h3 Rg6 41. g4+ Kf4 42. Re3 h5 43. Ke2 hxg4 44.
Re4+ Kf5 45. hxg4+ Kf6 46. c5 Ke6 47. f4 Kd7 48. f5 Rh6 49. Kd3 Kc6 50. Kc4
Rh2 51. Rxe5 Rxa2 52. Re6+ Kd7 53. Kxb4 Rg2 54. Kxa3 Rxg4 55. Rg6 Rf4 56.
b4 Rxf5 57. Rxg7+ Kc6 58. Ka4 Rf8 59. Rg6+ Kc7 60. b5 Ra8+ 61. Kb4 Ra1 62.
Rg7+ Kb8 63. c6 Ka8 64. Kc5 1-0